Compton's encyclopedia and Fact-index. V.21 : S-Sous.
Kaydedildi:
| Materyal Türü: | Kitap |
|---|---|
| Dil: | English |
| Baskı/Yayın Bilgisi: |
USA :
Compton's learning company,
1995.
|
| Konular: | |
| Etiketler: |
Etiketle
Etiket eklenmemiş, İlk siz ekleyin!
|
| Thư viện lưu trữ: | Mạng thư viện Đại học Đà Nẵng |
|---|
| LEADER | 00789cam a2200313 i 4500 | ||
|---|---|---|---|
| 001 | 000044502 | ||
| 003 | 2902 | ||
| 005 | 20030317112404.0 | ||
| 008 | 010220|1995 vm 000 eng | ||
| 020 | |a 0944262023 | ||
| 040 | |a IRC |c IRC |d IRC | ||
| 041 | 0 | |a eng | |
| 082 | 1 | 4 | |a 032 |b Co-E |
| 245 | 0 | 0 | |a Compton's encyclopedia and Fact-index. |n V.21 : |p S-Sous. |
| 260 | |a USA : |b Compton's learning company, |c 1995. | ||
| 300 | |a 392P. ; |c 26cm. | ||
| 630 | 0 | 4 | |a Encyclopedia. |
| 630 | 0 | 4 | |a Compton's encyclopedia. |
| 650 | 0 | 4 | |a Encyclopedia, Compton's. |
| OWN | |a DUT | ||
| 999 | |a From the UDN01 | ||
| TYP | |a Monograph | ||
| TYP | |a Printed language | ||
| 980 | |a Mạng thư viện Đại học Đà Nẵng | ||


